Social ecology of forest resources: a study of a tribal region of Orissa (Record no. 492579)

000 -LEADER
fixed length control field 00459cam a22001457a 4500
008 - FIXED-LENGTH DATA ELEMENTS--GENERAL INFORMATION
fixed length control field 180718b2000 xxu||||| |||| 00| 0 eng d
082 ## - DEWEY DECIMAL CLASSIFICATION NUMBER
Classification number B1 M295
100 ## - MAIN ENTRY--PERSONAL NAME
Personal name Malik, Bibhuti Bhusan
245 ## - TITLE STATEMENT
Title Social ecology of forest resources: a study of a tribal region of Orissa
Statement of responsibility, etc. by Bibhuti Bhusan Malik
260 ## - PUBLICATION, DISTRIBUTION, ETC.
Place of publication, distribution, etc. New Delhi
Name of publisher, distributor, etc. Centre for the Study of Social Systems
Date of publication, distribution, etc. 2000
300 ## - PHYSICAL DESCRIPTION
Extent 462p.
650 ## - SUBJECT ADDED ENTRY--TOPICAL TERM
Topical term or geographic name entry element Culture
650 ## - SUBJECT ADDED ENTRY--TOPICAL TERM
Topical term or geographic name entry element Social change
650 ## - SUBJECT ADDED ENTRY--TOPICAL TERM
Topical term or geographic name entry element Sociology
Holdings
Withdrawn status Lost status Damaged status Not for loan Permanent Location Current Location Date acquired Full call number Barcode Date last seen Price effective from Koha item type
        Indian Institute of Public Administration Indian Institute of Public Administration 2018-08-04 B1 M295 GR16477 2018-08-04 2018-08-04 GR

Powered by Koha